Pays avec 25 millions d'habitants en 2100 - Statistiques

Statistiques générales
  • Ce quiz a été pris 159 fois
    123 depuis la dernière actualisation
  • Le résultat moyen est 42 sur 65
Statistiques - réponses
Population Pays % Correct
74,740,598 Allemagne
98%
1,064,993,459 Chine
98%
65,497,773 France
98%
1,450,420,839 Inde
98%
180,682,756 Brésil
96%
78,053,360 Royaume-Uni
94%
126,142,656 Russie
94%
33,209,863 Espagne
92%
433,853,891 Etats-Unis
92%
79,190,833 Afrique du Sud
90%
403,102,827 Pakistan
90%
320,782,424 Indonésie
88%
141,509,743 Mexique
88%
164,947,332 Niger
88%
224,735,180 Égypte
86%
732,941,597 Nigeria
86%
362,031,082 République démocratique du Congo
86%
70,704,619 Algérie
84%
56,802,489 Argentine
84%
39,992,914 Italie
84%
42,876,772 Australie
82%
74,959,377 Japon
82%
56,953,227 Canada
80%
45,221,262 Colombie
78%
107,711,273 Irak
78%
98,587,984 Iran
78%
294,392,896 Éthiopie
73%
80,382,703 Mali
73%
86,170,458 Turquie
71%
39,158,182 Pérou
69%
151,393,020 Bangladesh
65%
142,342,349 Soudan
65%
97,437,278 Viêt Nam
65%
146,327,435 Philippines
63%
34,240,725 Venezuela
63%
53,515,360 Sénégal
61%
285,651,848 Tanzanie
61%
125,423,854 Kenya
59%
40,078,168 Malaisie
59%
75,166,964 Afghanistan
57%
188,283,138 Angola
57%
46,015,543 Thaïlande
57%
75,716,432 Somalie
55%
136,784,883 Ouganda
53%
96,632,721 Côte d'Ivoire
51%
123,646,947 Mozambique
51%
36,103,167 Syrie
51%
61,849,818 Tchad
49%
79,011,407 Ghana
45%
27,917,822 Kazakhstan
45%
90,225,182 Cameroun
43%
31,616,064 Soudan du Sud
41%
30,965,416 Zimbabwe
41%
55,298,936 Birmanie
39%
81,546,200 Zambie
39%
54,171,323 Yémen
33%
45,256,868 Guinée
31%
99,957,337 Madagascar
31%
42,270,848 Ouzbékistan
31%
26,949,191 Togo
31%
33,412,648 Rwanda
29%
47,208,993 Bénin
27%
50,904,082 Burundi
27%
66,559,388 Malawi
27%
31,270,072 Guatemala
12%
Aucun quiz correspondant
Distribution des résultats
% des personnes avec chaque résultat
Percentile par nombre de réponses
Votre historique - résultats
Vous n’avez pas pris ce quiz depuis la dernière actualisation